<?xml version="1.0" encoding="UTF-8"?><?xml-stylesheet type="text/xsl" href="static/style.xsl"?><OAI-PMH xmlns="http://www.openarchives.org/OAI/2.0/" xmlns:xsi="http://www.w3.org/2001/XMLSchema-instance" xsi:schemaLocation="http://www.openarchives.org/OAI/2.0/ http://www.openarchives.org/OAI/2.0/OAI-PMH.xsd"><responseDate>2026-04-17T18:53:20Z</responseDate><request verb="GetRecord" identifier="oai:riubu.ubu.es:10259/6132" metadataPrefix="marc">https://riubu.ubu.es/oai/request</request><GetRecord><record><header><identifier>oai:riubu.ubu.es:10259/6132</identifier><datestamp>2022-11-11T12:29:38Z</datestamp><setSpec>com_10259_4313</setSpec><setSpec>com_10259_5086</setSpec><setSpec>com_10259_2604</setSpec><setSpec>col_10259_4314</setSpec></header><metadata><record xmlns="http://www.loc.gov/MARC21/slim" xmlns:doc="http://www.lyncode.com/xoai" xmlns:xsi="http://www.w3.org/2001/XMLSchema-instance" xmlns:dcterms="http://purl.org/dc/terms/" xsi:schemaLocation="http://www.loc.gov/MARC21/slim http://www.loc.gov/standards/marcxml/schema/MARC21slim.xsd">
<leader>00925njm 22002777a 4500</leader>
<datafield tag="042" ind1=" " ind2=" ">
<subfield code="a">dc</subfield>
</datafield>
<datafield tag="720" ind1=" " ind2=" ">
<subfield code="a">Trigo López, Miriam</subfield>
<subfield code="e">author</subfield>
</datafield>
<datafield tag="720" ind1=" " ind2=" ">
<subfield code="a">Reglero Ruiz, José A.</subfield>
<subfield code="e">author</subfield>
</datafield>
<datafield tag="720" ind1=" " ind2=" ">
<subfield code="a">Pablos, Jesús Luis</subfield>
<subfield code="e">author</subfield>
</datafield>
<datafield tag="720" ind1=" " ind2=" ">
<subfield code="a">Ciurduc, Diana Elena</subfield>
<subfield code="e">author</subfield>
</datafield>
<datafield tag="720" ind1=" " ind2=" ">
<subfield code="a">Corrales, T.</subfield>
<subfield code="e">author</subfield>
</datafield>
<datafield tag="720" ind1=" " ind2=" ">
<subfield code="a">García García, Félix Clemente</subfield>
<subfield code="e">author</subfield>
</datafield>
<datafield tag="720" ind1=" " ind2=" ">
<subfield code="a">García Pérez, José Miguel</subfield>
<subfield code="e">author</subfield>
</datafield>
<datafield tag="260" ind1=" " ind2=" ">
<subfield code="c">2022-01</subfield>
</datafield>
<datafield tag="520" ind1=" " ind2=" ">
<subfield code="a">This work presents the preparation of novel solid polymer electrolytes based on flexible microporous aramids filled with photopolymerized ionic liquids and lithium salt. The materials combined a high ionic conductivity with the mechanical and thermal characteristics of the aramids, including also good flexibility and handleability. First, a simple casting process was followed to obtain microporous aramids with an interconnected channel morphology. In a second step, this channel structure was filled with a solution of non-commercial photopolymerizable ionic liquid, commercial ionic liquids and the lithium salt, followed by UV irradiation to obtain the conducting aramids. Ionic conductivity of the materials was studied at 25 °C, and also in the temperature range between −50 to 90 °C, together with SEM analyses of the filled porous structure and thermal properties, to fully characterize the photopolymerization process of the ionic liquids inside the porous structure. The materials showed high ionic conductivity values together with excellent thermal and mechanical properties, indicating their viability as flexible and thermally stable solid electrolytes.</subfield>
</datafield>
<datafield tag="024" ind2=" " ind1="8">
<subfield code="a">1010-6030</subfield>
</datafield>
<datafield tag="024" ind2=" " ind1="8">
<subfield code="a">http://hdl.handle.net/10259/6132</subfield>
</datafield>
<datafield tag="024" ind2=" " ind1="8">
<subfield code="a">10.1016/j.jphotochem.2021.113571</subfield>
</datafield>
<datafield ind1=" " ind2=" " tag="653">
<subfield code="a">Microporous aramid</subfield>
</datafield>
<datafield ind1=" " ind2=" " tag="653">
<subfield code="a">Flexible solid electrolytes</subfield>
</datafield>
<datafield ind1=" " ind2=" " tag="653">
<subfield code="a">Photopolymerizable ionic liquids</subfield>
</datafield>
<datafield tag="245" ind1="0" ind2="0">
<subfield code="a">Photopolymerization of ionic liquids in flexible microporous aramids for ion conductive solid polyelectrolytes</subfield>
</datafield>
</record></metadata></record></GetRecord></OAI-PMH>